000 00475nam a22001937a 4500
003 LK-CoDNM
005 20250110093116.0
008 250110b |||||||| |||| 00| 0 eng d
040 _aLK-CoDNM
_dLK-CoDNM
_eLK-CoDNM
041 _aeng
080 _a5
_bH14.1
100 _aStephenson,T.A
245 _aThe British Sea Anemones
260 _aLondon
_bThe Ray Society
_c1935
300 _aix,426p. : ill ;22 cm
490 _vVolume II
650 _ascience
942 _cBK
999 _c235817
_d235817